| 000 | 01008 a2200157 4500 | ||
|---|---|---|---|
| 003 | Nust | ||
| 005 | 20230131121041.0 | ||
| 040 | _cNust | ||
| 082 | _a940.46,STA | ||
| 100 |
_aEdward J. Stackpole _9108215 |
||
| 245 | _aChancellorsville / | ||
| 260 |
_aLondon _bThe stackpole company _c1958 |
||
| 300 | _a384 pages | ||
| 505 | _aA New General Takes Command (Page-1), Hooker Rebuilds His Army (Page-13), Preliminary Cavalry Engagements (Page-37), The Army Of Northern Virginia (Page-62), The Strategy Of The Campaign (Page-85), Hookers Plan Unfolds (Page-103), The Juggernaut Rolls Swiftly (Page-116), Hooker Begins To Slip (Page-136), Weighed In The Balance (Page-162), The Armies Meet Head On (Page-173), Jackson’s Historic Flank March (Page-203), The Storm Breaks (Page-230), Jackson’s Last Battle (Page-255), The Situation At 5 Am, May 3 (Page-276), Savage Fighting At Close Quarters (Page-287), The Sixth Corps At Fredericksburg (Page-306), The Battle Of Saleh Church (Page-329). | ||
| 942 |
_2ddc _cBK |
||
| 999 |
_c193982 _d193982 |
||